000 00698cam a22002537a 4500
003 CHAP
005 20220329134317.0
008 971013s1975 r 00010 d
010 _a18550
011 _a19522
035 _a23607
040 _cCHAP
082 _a596
_bA55
100 0 0 _aAlexander, R. McNeill.
_93829
245 1 4 _aThe chordates
260 _aLondon :
_bCambridge University,
_c1975
300 _a480 p.
_b: ilus. ; gráfs
590 _aBATCH-UPD
_b10
_c20130110
_lUCH01
_h2237
590 _aCONVERSION
_b10
_c20130109
_lUCH01
_h1311
650 1 4 _aCordados.
_927938
901 _aBK
942 _cLIBRO
949 _a596 A55
_bBC
_cLIBRO
_d33724000365631
_eLIBRO
_h681
_i23607
_si
_t363.00
999 _c18550
_d18550